Conocimiento de las TIC aplicadas a las personas con discapacidades : (Record no. 184227)

MARC details
000 -CABECERA
campo de control de longitud fija 01782cab a2200301 ab4500
005 - FECHA Y HORA DE LA ÚLTIMA TRANSACCIÓN
campo de control 20250924063909.0
008 - ELEMENTOS DE LONGITUD FIJA--INFORMACIÓN GENERAL
campo de control de longitud fija 991125c2016 ck fr p o 000 0 spa d
035 ## - NÚMERO DE CONTROL DEL SISTEMA
Número de control de sistema UPN01000212127
040 ## - FUENTE DE LA CATALOGACIÓN
Centro catalogador/agencia de origen MX-MxUPN
Lengua de catalogación spa
Centro/agencia transcriptor MX-MxUPN
Normas de descripción aacr2
049 ## - COLECCIÓN
Colección ART-E
100 1# - ASIENTO PRINCIPAL--NOMBRE PERSONAL
Nombre de persona Cabero Almenara, Julio
9 (RLIN) 34761
100 1# - ASIENTO PRINCIPAL--NOMBRE PERSONAL
Nombre de persona Fernández Batanero, José María
9 (RLIN) 35083
100 1# - ASIENTO PRINCIPAL--NOMBRE PERSONAL
Filiación batanero@us.es
100 1# - ASIENTO PRINCIPAL--NOMBRE PERSONAL
Nombre de persona Córdoba Pérez, Margarita
100 1# - ASIENTO PRINCIPAL--NOMBRE PERSONAL
Filiación cordoba@uhu.es
245 10 - MENCIÓN DE TÍTULO
Título Conocimiento de las TIC aplicadas a las personas con discapacidades :
Resto del título construcción de un instrumento de diagnóstico
Medio [recurso electrónico en línea]
506 0# - NOTA DE RESTRICCIONES AL ACCESO
Limitaciones de acceso Acceso abierto
520 3# - NOTA DE RESUMEN, ETC.
Sumario, etc. El artículo de investigación presenta el proceso de construcción y validación de un instrumento de diagnóstico elaborado con el objetivo de conocer el nivel de formación y conocimiento, de los alumnos que cursan el grado de magisterio en España, con respecto a la aplicación de las Tecnologías de la Información y Comunicación para personas con discapacidades. Para la validación de contenido, se utilizó la técnica del “juicio de experto”, para aplicando aplicar un proceso de selección de expertos no muy usual en nuestra investigación educativa, el denominado “coeficiente de competencia experta” o “coeficiente K”. MAGIS
650 #4 - ASIENTO SECUNDARIO DE MATERIA - TERMINO TEMATICO
Término de materia o nombre geográfico como elemento de entrada Tecnologías de la información y comunicación
9 (RLIN) 21219
653 0# - TERMINO DE INDIZACION - NO CONTROLADO
Término no controlado Necesidades educativas
653 0# - TERMINO DE INDIZACION - NO CONTROLADO
Término no controlado Discapacidad
653 0# - TERMINO DE INDIZACION - NO CONTROLADO
Término no controlado Formación docente
773 ## - ENLACE AL DOCUMENTO FUENTE/ENTRADA DE REGISTRO ANFITRIÓN
Parte(s) relacionada(s) Vol. 8, no. 7 (2015), p. 157-176
Título Magis : revista internacional de investigación en educación
Número Internacional Normalizado para Publicaciones Seriadas 2027-1182
856 4# - LOCALIZACIÓN Y ACCESO ELECTRÓNICOS
Identificador Uniforme del Recurso <a href="https://revistas.javeriana.edu.co/index.php/MAGIS/article/view/15657">https://revistas.javeriana.edu.co/index.php/MAGIS/article/view/15657</a>
902 ## - ELEMENTOS DE DATOS B LOCAL, LDB (RLIN)
Creó Leonor Sotres/160523
905 ## - TIPO DE MATERIAL
Tipo de material Articulo
942 ## - ELEMENTOS DE PUNTO DE ACCESO ADICIONAL (KOHA)
Tipo de ítem Koha Artículo Electrónico
Holdings
Estado de retiro Estado de pérdida Estado dañado No para préstamo Código de colección Localización permanente Ubicación/localización actual Ubicación en estantería Fecha de adquisición Total de préstamos Fecha visto por última vez Identificador Uniforme del Recurso Precio válido a partir de Tipo de ítem Koha
        Acceso abierto Bib. Gregorio Torres Quintero Bib. Gregorio Torres Quintero En línea 16/05/2023   16/05/2023 https://revistas.javeriana.edu.co/index.php/MAGIS/article/view/15657 16/05/2023 Artículo Electrónico